000 00712nam a2200205 i 4500
001 64846
003 ES-MaACL
005 20250831142046.0
007 t|
008 040105s1971 it ||||1| ita d
100 1 _aFourier, Charles.
_951964
245 1 0 _aTeorĂ­a dei quattro movimenti
_b: il nuovo mondo amorosos e altri scritti /
_cscelta e introduzione di Italo Calvino ; Charles Fourier ; traduzione di Enrica Basevi.
260 _a[Torino] :
_bEinaudi,
_c1971.
300 _aXXXVII, 410 p. ;
_c18 cm.
650 4 _aFourierismo.
_9149689
700 1 _aCalvino, Italo,
_d1923-1985
_9242175
700 1 _aBasevi, Enrica.
_926282
852 _aES-MaACL
_jE-6689
_bR.90973
999 _c64846
_d64846